000
00331nam a22001337a 4500
008
180925b xxu||||| |||| 00| 0 eng d
020
_a
9781884350764
041
_a
eng
080
_a
610
100
_a
3
101
_a
SHM
245
_a
Prescription Medicine Side Effects And Natural Alternatives
_c
JAME.S
942
_2
udc
_c
BK
999
_c
48428
_d
48428